000 00419nam a2200169 4500
003 SEACOMEC
005 20240416122208.0
008 231006b |||||||| |||| 00| 0 eng d
040 _aSEACOMEC
082 _a512.9434
_bB869
100 1 _aBronson, Richard
245 1 _aMatrix Methods
_bAn Introduction
_cRichard Bronson
250 _a2nd ed.
260 _aNew Delhi
_bElsevier
_c2006
650 _aAlgebra
942 _cBOOK
999 _c154
_d154